|
|
|
|
| LEADER |
02939nam a2200421Ka 4500 |
| 001 |
ocn663209147 |
| 003 |
OCoLC |
| 005 |
20100917015550.0 |
| 006 |
m d |
| 007 |
cr un||||||||| |
| 008 |
100909s2004 enk fo 000 0 eng d |
| 020 |
|
|
|a 9781849502832 (electronic bk.) :
|c £64.95 ; € 94.95 ; $119.95
|
| 020 |
|
|
|a 1849502838 (electronic bk.) :
|c £64.95 ; € 94.95 ; $119.95
|
| 020 |
|
|
|z 0762311207 (hbk.)
|
| 020 |
|
|
|z 9780762311200 (hbk.)
|
| 040 |
|
|
|a ZJC
|b eng
|c ZJC
|d GrThAP
|
| 043 |
|
|
|a n-us---
|
| 050 |
1 |
4 |
|a T65
|b .E93 2004
|
| 072 |
|
7 |
|a JNMF
|2 bicssc
|
| 072 |
|
7 |
|a EDU029030
|2 bisacsh
|
| 082 |
0 |
4 |
|a 607.1/173
|2 22
|
| 245 |
0 |
0 |
|a Evaluating the upgrading of technical courses at two-year colleges
|h [electronic resource] :
|b NSF's advanced technological education program /
|c edited by Arlen Gullickson, Frances Lawrenz, Nanette Keiser.
|
| 260 |
|
|
|a Oxford :
|b Elsevier JAI,
|c 2004.
|
| 300 |
|
|
|a 1 online resource (ix, 218 p.)
|
| 490 |
1 |
|
|a Advances in program evaluation,
|x 1474-7863 ;
|v v. 9
|
| 520 |
|
|
|a The National Science Foundations (NSF) Advanced Technological Education (ATE) program is a diverse and dynamic set of projects intent on improving the USA's technical workforce. This book uses the ATE work as a means to focus on key issues for federally funded projects and all community colleges facing the difficult challenges of staying current and reaching constituents in positive ways. This book brings a wealth of information on key issues for community colleges. Topics addressed include: how to sustain innovative programs; how to develop effective instructional materials; how to promote and maintain collaboration among various institutions including business and industry; how to provide high quality professional development; how to strengthen and improve programs of study; how to recruit and retain diverse students; how to evaluate and use evaluation effectively; and how to engage advisory committees to effectively serve program needs. In developing these topics, the authors drew heavily on previous research and a common set of evaluation studies including site visits at 13 different projects and surveys of more than 100 ATE projects.
|
| 588 |
|
|
|a Description based on print version record.
|
| 650 |
|
0 |
|a Junior colleges
|x Curricula
|x Evaluation.
|
| 650 |
|
0 |
|a Technical education
|x Curricula
|z United States
|x Evaluation.
|
| 650 |
|
7 |
|a Colleges of further education.
|2 bicssc
|
| 650 |
|
7 |
|a Education
|x Teaching Methods & Materials
|x Science & Technology.
|2 bisacsh
|
| 700 |
1 |
|
|a Gullickson, Arlen R.
|
| 700 |
1 |
|
|a Lawrenz, Frances.
|
| 700 |
1 |
|
|a Keiser, Nanette.
|
| 776 |
0 |
8 |
|i Print version:
|t Evaluating the upgrading of technical courses at two-year colleges.
|d Oxford : Elsevier JAI, 2004
|z 0762311207
|w (OCoLC)56641908
|
| 830 |
|
0 |
|a Advances in program evaluation ;
|v v. 9.
|
| 856 |
4 |
0 |
|u http://www.emeraldinsight.com/1474-7863/9
|z Full Text via HEAL-Link
|
| 913 |
|
|
|1 SSbacklist
|